Mathematical statistics / (Record no. 6984)
[ view plain ]
| 000 -LEADER | |
|---|---|
| fixed length control field | 00664nam a22002417a 4500 |
| 001 - CONTROL NUMBER | |
| control field | 6984 |
| 003 - CONTROL NUMBER IDENTIFIER | |
| rucl marc code | BD-RjUL |
| 005 - DATE AND TIME OF LATEST TRANSACTION | |
| control field | 20211208234341.0 |
| 008 - FIXED-LENGTH DATA ELEMENTS--GENERAL INFORMATION | |
| fixed length control field | 140113s1999 ii ||||| |||| 001 0 eng d |
| 020 ## - INTERNATIONAL STANDARD BOOK NUMBER | |
| International Standard Book Number | 8121912466 |
| 035 ## - SYSTEM CONTROL NUMBER | |
| System control number | (BD-RjUL)7026 |
| 040 ## - CATALOGING SOURCE | |
| Original cataloging agency | BD-RjUL |
| Language of cataloging | eng |
| Transcribing agency | BD-RjUL |
| 041 ## - LANGUAGE CODE | |
| Language code of text/sound track or separate title | eng |
| 082 00 - DEWEY DECIMAL CLASSIFICATION NUMBER | |
| Edition number | 21 |
| Classification number | 519.5 |
| Author mark and year | KAM 1999 |
| 100 1# - MAIN ENTRY--PERSONAL NAME | |
| Personal name | Kapur, Jagat Narain |
| 9 (RLIN) | 21901 |
| 245 1# - TITLE STATEMENT | |
| Title | Mathematical statistics / |
| Statement of responsibility, etc. | by Jagat Narain Kapur; H C Saxena |
| 260 ## - PUBLICATION, DISTRIBUTION, ETC. (IMPRINT) | |
| Place of publication, distribution, etc. | Delhi : |
| Name of publisher, distributor, etc. | S. Chand, |
| Date of publication, distribution, etc. | 1999. |
| 300 ## - PHYSICAL DESCRIPTION | |
| Pagination | xvi, 784 p. ; |
| Size | 22 cm. |
| 504 ## - BIBLIOGRAPHY, ETC. NOTE | |
| Bibliography, etc | Includes index. |
| 650 #0 - SUBJECT ADDED ENTRY--TOPICAL TERM | |
| Topical term or geographic name as entry element | Mathematical statistics. |
| 9 (RLIN) | 21902 |
| 700 1# - ADDED ENTRY--PERSONAL NAME | |
| Personal name | Saxena, H C |
| 942 ## - ADDED ENTRY ELEMENTS (KOHA) | |
| Source of classification or shelving scheme | Dewey Decimal Classification |
| Koha item type | Books |
| Lost status | Source of classification or shelving scheme | Damaged status | Not for loan | Collection code | Permanent Location | Current Location | Shelving location | Date acquired | Source of acquisition | Cost, normal purchase price | Total Checkouts | Full call number | Date last seen | Copy number | Koha item type |
|---|---|---|---|---|---|---|---|---|---|---|---|---|---|---|---|
| Dewey Decimal Classification | Non-fiction | Central Library, University of Rajshahi | Central Library, University of Rajshahi | 25/06/2001 | Dhada, Aligarh Library. | 140.00 | 519.5 KAM 1999 | 13/01/2014 | C-7 | Books |